| 000 | 00528nam a22001817a 4500 | ||
|---|---|---|---|
| 005 | 20251108171818.0 | ||
| 008 | 250721s1992 xx 000 0 ara d | ||
| 082 | 1 | 4 | _aط/598.441/أحم |
| 100 | 1 | _aصوفان، أحمد | |
| 245 | 1 | 0 | _aالنمر / |
| 264 | 1 |
_aبيروت : _bالمؤسسة العربية للدراسات و النشر، _c1992. |
|
| 300 | _a32ص : مص | ||
| 490 | 0 | _aحيوانات العالم ؛ 12 | |
| 650 | 1 | 7 | _aالحيوانات |
| 650 | 1 | 7 | _aالنمور |
| 942 |
_2ddc _cBK |
||
| 999 |
_c63203 _d63203 |
||